<?xml version="1.0" encoding="UTF-8"?><?xml-stylesheet type="text/xsl" href="static/style.xsl"?><OAI-PMH xmlns="http://www.openarchives.org/OAI/2.0/" xmlns:xsi="http://www.w3.org/2001/XMLSchema-instance" xsi:schemaLocation="http://www.openarchives.org/OAI/2.0/ http://www.openarchives.org/OAI/2.0/OAI-PMH.xsd"><responseDate>2026-04-17T23:22:06Z</responseDate><request verb="GetRecord" identifier="oai:riubu.ubu.es:10259/8754" metadataPrefix="marc">https://riubu.ubu.es/oai/request</request><GetRecord><record><header><identifier>oai:riubu.ubu.es:10259/8754</identifier><datestamp>2024-03-06T01:05:25Z</datestamp><setSpec>com_10259_4219</setSpec><setSpec>com_10259_5086</setSpec><setSpec>com_10259_2604</setSpec><setSpec>col_10259_4220</setSpec></header><metadata><record xmlns="http://www.loc.gov/MARC21/slim" xmlns:doc="http://www.lyncode.com/xoai" xmlns:xsi="http://www.w3.org/2001/XMLSchema-instance" xmlns:dcterms="http://purl.org/dc/terms/" xsi:schemaLocation="http://www.loc.gov/MARC21/slim http://www.loc.gov/standards/marcxml/schema/MARC21slim.xsd">
<leader>00925njm 22002777a 4500</leader>
<datafield tag="042" ind1=" " ind2=" ">
<subfield code="a">dc</subfield>
</datafield>
<datafield tag="720" ind1=" " ind2=" ">
<subfield code="a">Martínez Martín, Pablo</subfield>
<subfield code="e">author</subfield>
</datafield>
<datafield tag="720" ind1=" " ind2=" ">
<subfield code="a">Linazasoro Cristóbal, Gurutz</subfield>
<subfield code="e">author</subfield>
</datafield>
<datafield tag="720" ind1=" " ind2=" ">
<subfield code="a">Kulisevsky Bojarsky, Jaume</subfield>
<subfield code="e">author</subfield>
</datafield>
<datafield tag="720" ind1=" " ind2=" ">
<subfield code="a">Aguilar Barberà, Miquel</subfield>
<subfield code="e">author</subfield>
</datafield>
<datafield tag="720" ind1=" " ind2=" ">
<subfield code="a">Pedro Cuesta, Jesús de</subfield>
<subfield code="e">author</subfield>
</datafield>
<datafield tag="720" ind1=" " ind2=" ">
<subfield code="a">Cubo Delgado, Esther</subfield>
<subfield code="e">author</subfield>
</datafield>
<datafield tag="720" ind1=" " ind2=" ">
<subfield code="a">Forjaz, María Joao</subfield>
<subfield code="e">author</subfield>
</datafield>
<datafield tag="720" ind1=" " ind2=" ">
<subfield code="a">Bergaretxe, Alberto</subfield>
<subfield code="e">author</subfield>
</datafield>
<datafield tag="720" ind1=" " ind2=" ">
<subfield code="a">Martínez Castrillo, Juan Carlos</subfield>
<subfield code="e">author</subfield>
</datafield>
<datafield tag="720" ind1=" " ind2=" ">
<subfield code="a">Blázquez Estrada, Marta</subfield>
<subfield code="e">author</subfield>
</datafield>
<datafield tag="720" ind1=" " ind2=" ">
<subfield code="a">Menéndez Guisasola, Luis</subfield>
<subfield code="e">author</subfield>
</datafield>
<datafield tag="720" ind1=" " ind2=" ">
<subfield code="a">Salvador Aguilar, Carlos</subfield>
<subfield code="e">author</subfield>
</datafield>
<datafield tag="720" ind1=" " ind2=" ">
<subfield code="a">González, Sonia</subfield>
<subfield code="e">author</subfield>
</datafield>
<datafield tag="720" ind1=" " ind2=" ">
<subfield code="a">Bayés Rusiñol, Mª Ángels</subfield>
<subfield code="e">author</subfield>
</datafield>
<datafield tag="720" ind1=" " ind2=" ">
<subfield code="a">Vela Desojo, Lydia</subfield>
<subfield code="e">author</subfield>
</datafield>
<datafield tag="720" ind1=" " ind2=" ">
<subfield code="a">Balseiro Gómez, José Jesús</subfield>
<subfield code="e">author</subfield>
</datafield>
<datafield tag="720" ind1=" " ind2=" ">
<subfield code="a">Ortega Moreno, Ángel</subfield>
<subfield code="e">author</subfield>
</datafield>
<datafield tag="720" ind1=" " ind2=" ">
<subfield code="a">García Muñozguren, Susana</subfield>
<subfield code="e">author</subfield>
</datafield>
<datafield tag="720" ind1=" " ind2=" ">
<subfield code="a">Frades Payo, Belén</subfield>
<subfield code="e">author</subfield>
</datafield>
<datafield tag="720" ind1=" " ind2=" ">
<subfield code="a">Arroyo Velasco, Susana</subfield>
<subfield code="e">author</subfield>
</datafield>
<datafield tag="720" ind1=" " ind2=" ">
<subfield code="a">Durán Herrera, Carmen</subfield>
<subfield code="e">author</subfield>
</datafield>
<datafield tag="720" ind1=" " ind2=" ">
<subfield code="a">Duarte García-Luis, Jacinto</subfield>
<subfield code="e">author</subfield>
</datafield>
<datafield tag="720" ind1=" " ind2=" ">
<subfield code="a">Mendoza, Amelia</subfield>
<subfield code="e">author</subfield>
</datafield>
<datafield tag="720" ind1=" " ind2=" ">
<subfield code="a">Rodríguez Sanz, Mª Fernanda</subfield>
<subfield code="e">author</subfield>
</datafield>
<datafield tag="720" ind1=" " ind2=" ">
<subfield code="a">López del Val, Luis Javier</subfield>
<subfield code="e">author</subfield>
</datafield>
<datafield tag="720" ind1=" " ind2=" ">
<subfield code="a">Chacón Peña, José Rafael</subfield>
<subfield code="e">author</subfield>
</datafield>
<datafield tag="720" ind1=" " ind2=" ">
<subfield code="a">Fernández, José Manuel</subfield>
<subfield code="e">author</subfield>
</datafield>
<datafield tag="720" ind1=" " ind2=" ">
<subfield code="a">Benito-León, Julián</subfield>
<subfield code="e">author</subfield>
</datafield>
<datafield tag="720" ind1=" " ind2=" ">
<subfield code="a">Campos Arillo, Víctor M.</subfield>
<subfield code="e">author</subfield>
</datafield>
<datafield tag="720" ind1=" " ind2=" ">
<subfield code="a">Vivancos Matellano, Francisco</subfield>
<subfield code="e">author</subfield>
</datafield>
<datafield tag="720" ind1=" " ind2=" ">
<subfield code="a">Rojo Sebastián, Ana</subfield>
<subfield code="e">author</subfield>
</datafield>
<datafield tag="720" ind1=" " ind2=" ">
<subfield code="a">Álvarez Saúco, María</subfield>
<subfield code="e">author</subfield>
</datafield>
<datafield tag="720" ind1=" " ind2=" ">
<subfield code="a">Leiva Santana, Carlos</subfield>
<subfield code="e">author</subfield>
</datafield>
<datafield tag="720" ind1=" " ind2=" ">
<subfield code="a">Mir Rivera, Pablo</subfield>
<subfield code="e">author</subfield>
</datafield>
<datafield tag="720" ind1=" " ind2=" ">
<subfield code="a">Carballo Cordero, Manuel</subfield>
<subfield code="e">author</subfield>
</datafield>
<datafield tag="720" ind1=" " ind2=" ">
<subfield code="a">Palomino García, Alfredo</subfield>
<subfield code="e">author</subfield>
</datafield>
<datafield tag="720" ind1=" " ind2=" ">
<subfield code="a">Burguera Hernández, Juan Andrés</subfield>
<subfield code="e">author</subfield>
</datafield>
<datafield tag="720" ind1=" " ind2=" ">
<subfield code="a">Catalán Alonso, Mª José</subfield>
<subfield code="e">author</subfield>
</datafield>
<datafield tag="720" ind1=" " ind2=" ">
<subfield code="a">Luquin Piudo, Mª Rosario</subfield>
<subfield code="e">author</subfield>
</datafield>
<datafield tag="260" ind1=" " ind2=" ">
<subfield code="c">2006-03</subfield>
</datafield>
<datafield tag="520" ind1=" " ind2=" ">
<subfield code="a">La enfermedad de Parkinson (EP) es crónica y progresiva. Desde la perspectiva sociosanitaria, representa una fuente de sufrimiento para el paciente y sus cuidadores, así como una importante carga para la sociedad. La información actual sobre la EP es limitada en cuanto al conocimiento del curso evolutivo relacionado con: 1) el desarrollo y la evolución de los aspectos no motores de la enfermedad; 2) el impacto de estas manifestaciones sobre la discapacidad y la calidad de vida relacionada con la salud (CVRS); 3) los determinantes de la discapacidad y de la pérdida de CVRS; 4) los factores relacionados con la velocidad de progresión de la enfermedad; 5) las pautas de aplicación y la repercusión diferencial a largo plazo (sobre complicaciones, discapacidad, CVRS) de las medidas terapéuticas disponibles; y 6) el impacto de la EP sobre los cuidadores. Además, en la información existente se detecta heterogeneidad en la calidad de las propiedades métricas de los instrumentos de medida aplicados y de los sesgos de selección.</subfield>
</datafield>
<datafield tag="520" ind1=" " ind2=" ">
<subfield code="a">Parkinson’s disease (PD) is a chronic and progressive disorder. It produces a significant&#xd;
burden not only for patients, but also for their family and caregivers, with a major socio-economic impact on society. Current&#xd;
knowledge on PD is characterized by scarce information about the evolutionary course of: 1) the non-motor PD features; 2)&#xd;
impact of non-motor PD features on disability and health related quality of life (HRQL) impairment; 3) factors related to&#xd;
disability and HRQL determinants; 4) factors that speed or slow the progression of PD; 5) differential long-term effect of&#xd;
available PD therapeutic schedules and their relationships with disability, complications, and HRQL; and 6) impact of the&#xd;
disease on patients’ caregivers. In addition, heterogeneity in the metric quality of the applied measures and selection bias are&#xd;
frequently found</subfield>
</datafield>
<datafield tag="520" ind1=" " ind2=" ">
<subfield code="a">A doença de Parkinson&#xd;
(DP) é crónica e progresiva. De uma perspectiva socio-sanitária,&#xd;
representa uma fonte de sufrimento para o paciente e seus cuidadores, assim como uma carga importante para a sociedade. A&#xd;
informação actual sobre a DP é limitada em quanto ao conhecimento do curso evolutivo relacionado com: 1) o desenvolvimento e&#xd;
a evolução dos aspectos não motores da doença; 2) o impacto destas manifestações sobre a discapacidade e a qualidade de vida&#xd;
relacionada com a saúde (QVRS); 3) os determinantes da discapacidade e da diminuição de QVRS; 4) os factores relacionados&#xd;
com a velocidade de progressão da doença; 5) as pautas de aplicação e a repercursão diferencial a longo prazo (sobre complicações, discapacidade, QVRS) das medidas terapêuticas disponíveis; e 6) o impacto da DP sobre os cuidadores. Além disso, na informação disponível há uma heterogeneidade na qualidade das&#xd;
propriedades métricas dos instrumentos de medida aplicados e&#xd;
dos enviesamentos de selecção.</subfield>
</datafield>
<datafield tag="024" ind2=" " ind1="8">
<subfield code="a">0210-0010</subfield>
</datafield>
<datafield tag="024" ind2=" " ind1="8">
<subfield code="a">http://hdl.handle.net/10259/8754</subfield>
</datafield>
<datafield tag="024" ind2=" " ind1="8">
<subfield code="a">10.33588/rn.4206.2006041</subfield>
</datafield>
<datafield ind1=" " ind2=" " tag="653">
<subfield code="a">Enfermedad de Parkinson</subfield>
</datafield>
<datafield ind1=" " ind2=" " tag="653">
<subfield code="a">ELEP</subfield>
</datafield>
<datafield ind1=" " ind2=" " tag="653">
<subfield code="a">Evaluaciones</subfield>
</datafield>
<datafield ind1=" " ind2=" " tag="653">
<subfield code="a">Métodos</subfield>
</datafield>
<datafield ind1=" " ind2=" " tag="653">
<subfield code="a">Seguimiento a largo plazo</subfield>
</datafield>
<datafield ind1=" " ind2=" " tag="653">
<subfield code="a">Parkinson’s disease</subfield>
</datafield>
<datafield ind1=" " ind2=" " tag="653">
<subfield code="a">Assessment</subfield>
</datafield>
<datafield ind1=" " ind2=" " tag="653">
<subfield code="a">Methods</subfield>
</datafield>
<datafield ind1=" " ind2=" " tag="653">
<subfield code="a">Long-term follow-up</subfield>
</datafield>
<datafield ind1=" " ind2=" " tag="653">
<subfield code="a">Doença de Parkinson</subfield>
</datafield>
<datafield ind1=" " ind2=" " tag="653">
<subfield code="a">Avaliações</subfield>
</datafield>
<datafield ind1=" " ind2=" " tag="653">
<subfield code="a">Métodos</subfield>
</datafield>
<datafield ind1=" " ind2=" " tag="653">
<subfield code="a">Seguimento a longo prazo</subfield>
</datafield>
<datafield tag="245" ind1="0" ind2="0">
<subfield code="a">Estudio longitudinal de pacientes con enfermedad de Parkinson (ELEP): objetivos y metodología</subfield>
</datafield>
</record></metadata></record></GetRecord></OAI-PMH>